[Event "CORSICA MASTERS 2009"]
[Site "Bastia"]
[Date "2009.10.27"]
[Round "4.19"]
[White "Le Quang, Kim"]
[Black "Arbau, Eric"]
[Result "1-0"]
[WhiteElo "2309"]
[BlackElo "1938"]
[PlyCount "61"]
[EventDate "2009.??.??"]

1. c4 Nf6 2. g3 e6 3. Bg2 d6 4. Nf3 Nbd7 5. O-O Be7 6. d4 O-O 7. Nc3 c5 8. d5
e5 9. Ne1 Ne8 10. e4 Nb6 11. b3 Bf6 12. Nd3 a6 13. Qc2 Nd7 14. Bd2 Rb8 15. a4
b6 16. Rab1 a5 17. Nb5 Ba6 18. Na3 Nc7 19. Bc3 Be7 20. f4 f6 21. Bh3 Bb7 22.
Qe2 Qe8 23. Nc2 Bc8 24. Kh1 Rb7 25. Ne3 Kh8 26. Rf2 Nb8 27. Bxc8 Qxc8 28. Nf5
Nca6 29. Rbf1 Re8 30. fxe5 fxe5 31. Nxg7 1-0

[Event "CORSICA MASTERS 2009"]
[Site "Bastia"]
[Date "2009.10.27"]
[Round "4.21"]
[White "Vlashki, Nino"]
[Black "Huin, Eric"]
[Result "1-0"]
[WhiteElo "2288"]
[BlackElo "1921"]
[PlyCount "81"]
[EventDate "2009.??.??"]

1. d4 Nf6 2. c4 e5 3. dxe5 Ng4 4. Bf4 Nc6 5. Nf3 Bb4+ 6. Nbd2 Qe7 7. e3 Ngxe5
8. Be2 Nxf3+ 9. Bxf3 Nd4 10. O-O Nxf3+ 11. Nxf3 O-O 12. a3 Bd6 13. Bxd6 cxd6
14. Qd4 b6 15. Rfd1 Qe6 16. Ng5 Qg6 17. Qe4 Ba6 18. Qxg6 fxg6 19. b3 Bb7 20.
Rxd6 Bc6 21. Rad1 Rf6 22. R1d2 Raf8 23. Nf3 Rxd6 24. Rxd6 Rf6 25. Rd2 Bxf3 26.
gxf3 d6 27. Rd5 Kf7 28. a4 Ke6 29. Kg2 Rf5 30. Rxf5 gxf5 31. f4 d5 32. cxd5+
Kxd5 33. f3 g6 34. h4 h5 35. Kf2 Kc5 36. Ke2 a6 37. Kd3 b5 38. axb5 axb5 39. e4
b4 40. Ke3 Kd6 41. Kd4 1-0

[Event "CORSICA MASTERS 2009"]
[Site "Bastia"]
[Date "2009.10.27"]
[Round "4.27"]
[White "Salard, Alexandre"]
[Black "Humeau, Cyril"]
[Result "0-1"]
[WhiteElo "1908"]
[BlackElo "2171"]
[PlyCount "96"]
[EventDate "2009.??.??"]

1. e4 e5 2. Nf3 Nf6 3. Nxe5 d6 4. Nf3 Nxe4 5. Nc3 Nxc3 6. dxc3 Nc6 7. Bf4 Qf6
8. Qd2 Be7 9. O-O-O Qf5 10. Nd4 Qa5 11. Bc4 Nxd4 12. Qxd4 O-O 13. Qe4 Qf5 14.
Qxf5 Bxf5 15. Rhe1 Rfe8 16. f3 h6 17. Bd5 Rab8 18. g4 Bd7 19. Bg3 b6 20. h4 Kf8
21. Kb1 Bf6 22. Rxe8+ Rxe8 23. Re1 Rxe1+ 24. Bxe1 g5 25. h5 Be5 26. Be4 Ke7 27.
Kc1 Bf4+ 28. Bd2 Bxd2+ 29. Kxd2 Kf6 30. Ke3 Ke5 31. Bd3 c5 32. c4 Be6 33. b3
Bc8 34. Be2 f5 35. c3 Bd7 36. Bd1 a5 37. a4 Bc8 38. Be2 Be6 39. Bd1 Bd7 40. Be2
Bc8 41. Bd1 Be6 42. Be2 d5 43. cxd5 Bxd5 44. c4 Bg8 45. Bd3 f4+ 46. Kd2 Kd4 47.
Be2 Bh7 48. Bd1 Bd3 0-1

[Event "CORSICA MASTERS 2009"]
[Site "Bastia"]
[Date "2009.10.28"]
[Round "5.2"]
[White "Hamdouchi, Hicham"]
[Black "Shishkin, Vadim"]
[Result "1/2-1/2"]
[WhiteElo "2590"]
[BlackElo "2511"]
[PlyCount "80"]

1. e4 c5 2. Nf3 Nc6 3. Bb5 g6 4. O-O Bg7 5. Re1 Nf6 6. c3 O-O 7. h3 e5 8. d3 d6
9. a3 a6 10. Bxc6 bxc6 11. b4 cxb4 12. axb4 a5 13. Nbd2 Bb7 14. Nc4 axb4 15.
Rxa8 Bxa8 16. cxb4 Bb7 17. Qa4 Qc7 18. Qa5 Qd7 19. Be3 Ra8 20. Ba7 Qe7 21. Qb6
Rd8 22. Ra1 d5 23. Na5 Ba8 24. Nxe5 Re8 25. Nexc6 Qe6 26. Rd1 dxe4 27. dxe4
Qxe4 28. Rd8 Bf8 29. Rxe8 Qxe8 30. b5 Qe1+ 31. Kh2 Ne4 32. Qe3 Bd6+ 33. g3 Qb1
34. Qe2 h5 35. h4 Kh7 36. Bd4 Bc7 37. b6 Bxb6 38. Bxb6 Qxb6 39. Qxe4 Qxa5 40.
Nxa5 Bxe4 1/2-1/2

[Event "CORSICA MASTERS 2009"]
[Site "Bastia"]
[Date "2009.10.28"]
[Round "5.3"]
[White "Palac, Mladen"]
[Black "Mullon, Jean-Baptiste"]
[Result "0-1"]
[WhiteElo "2576"]
[BlackElo "2368"]
[PlyCount "148"]

1. e4 c5 2. Nf3 e6 3. d4 cxd4 4. Nxd4 a6 5. Bd3 Bc5 6. Nb3 Be7 7. Qg4 g6 8. Qe2
d6 9. a4 b6 10. Be3 Nd7 11. N1d2 Ngf6 12. Bh6 Qc7 13. f4 Bf8 14. Bxf8 Kxf8 15.
O-O Kg7 16. Rae1 e5 17. Qf2 Rf8 18. Nc4 Nh5 19. fxe5 dxe5 20. a5 b5 21. Nb6
Nxb6 22. axb6 Qe7 23. Ra1 Nf4 24. Rfd1 Rb8 25. Nc5 Qg5 26. Qg3 Qe7 27. Qf2 Rxb6
28. Bf1 Rc6 29. Nd3 Nxd3 30. Bxd3 Rd8 31. Rd2 Qc5 32. Qxc5 Rxc5 33. Kf2 f5 34.
Rad1 fxe4 35. Bxe4 Rxd2+ 36. Rxd2 Bf5 37. Bxf5 gxf5 38. Rd7+ Kg6 39. Rd6+ Kg5
40. c3 a5 41. Rb6 Kf4 42. Ke2 b4 43. cxb4 Rc2+ 44. Kd3 Rxb2 45. g3+ Kf3 46. Rf6
f4 47. bxa5 Rxh2 48. gxf4 e4+ 49. Kc3 e3 50. f5 Ra2 51. Re6 Rxa5 52. f6 h5 53.
f7 Rf5 54. Kd3 Rxf7 55. Rxe3+ Kg2 56. Re2+ Rf2 57. Re8 h4 58. Rg8+ Kh2 59. Ke3
Rf7 60. Rh8 h3 61. Ke2 Kg2 62. Rg8+ Kh1 63. Rh8 Kh2 64. Rh6 Ra7 65. Kf2 Ra2+
66. Kf1 Rg2 67. Rh8 Rg4 68. Kf2 Rf4+ 69. Ke3 Rf7 70. Ke2 Kg2 71. Rg8+ Kh1 72.
Rh8 h2 73. Rh6 Rf4 74. Rh8 Kg2 0-1

[Event "CORSICA MASTERS 2009"]
[Site "Bastia"]
[Date "2009.10.28"]
[Round "5.4"]
[White "Shirazi, Kamran"]
[Black "Maslak, Konstantin"]
[Result "0-1"]
[WhiteElo "2410"]
[BlackElo "2551"]
[PlyCount "126"]

1. Nf3 Nf6 2. g3 g6 3. d3 Bg7 4. e4 d6 5. e5 dxe5 6. Nxe5 Qd5 7. Nf3 Bg4 8.
Nbd2 Qe6+ 9. Be2 h6 10. O-O c5 11. Nb3 Nbd7 12. d4 Bh3 13. Re1 Qc6 14. c4 O-O
15. d5 Qa4 16. Bd3 b5 17. Nfd2 bxc4 18. Nxc4 Nxd5 19. Be4 e6 20. Nba5 Qxd1 21.
Rxd1 N7b6 22. Nd6 Rad8 23. Ndb7 Rc8 24. Nd6 Rc7 25. Nb5 Rd7 26. Bg2 Bxg2 27.
Kxg2 a6 28. Na3 Rfd8 29. Rf1 Nb4 30. N3c4 Nxc4 31. Nxc4 g5 32. Be3 Nd3 33. Rab1
f5 34. b3 Bd4 35. Bd2 e5 36. Ba5 Re8 37. Rbd1 e4 38. Rd2 g4 39. Rfd1 Kg7 40.
Kf1 Kg6 41. Nb6 Rd6 42. Nc4 Rc6 43. Nb6 Re5 44. Nd7 Rd5 45. Nb6 Rdd6 46. Nc4
Re6 47. Rxd3 exd3 48. Rxd3 h5 49. Bd2 Re4 50. Be3 Rce6 51. Kg2 h4 52. h3 hxg3
53. Kxg3 gxh3 54. Kxh3 f4 55. Bxd4 Rxd4 56. Rc3 Kf5 57. Nb2 Rh6+ 58. Kg2 Kg4
59. f3+ Kh4 60. Rc2 Rg6+ 61. Kf2 Kh3 62. Kf1 Kg3 63. Rf2 Rd5 0-1

[Event "CORSICA MASTERS 2009"]
[Site "Bastia"]
[Date "2009.10.28"]
[Round "5.5"]
[White "Guliyev, Namig"]
[Black "Lehtivaara, Petri"]
[Result "1-0"]
[WhiteElo "2525"]
[BlackElo "2377"]
[PlyCount "71"]

1. e4 e6 2. d4 d5 3. Nc3 Bb4 4. e5 Ne7 5. a3 Bxc3+ 6. bxc3 c5 7. Qg4 Qc7 8.
Qxg7 Rg8 9. Qxh7 cxd4 10. Ne2 dxc3 11. f4 b6 12. Nd4 Ba6 13. Bxa6 Nxa6 14. O-O
Nc5 15. Be3 a6 16. Rae1 Rf8 17. f5 O-O-O 18. fxe6 fxe6 19. Rxf8 Rxf8 20. Qh6
Rg8 21. Nxe6 Qc6 22. Nxc5 Qxh6 23. Bxh6 bxc5 24. h4 Nf5 25. Bg5 c4 26. e6 d4
27. Re5 Nd6 28. Rd5 d3 29. Rxd6 Rxg5 30. cxd3 Kc7 31. Rd4 Rc5 32. e7 c2 33.
e8=Q c1=Q+ 34. Kh2 cxd3 35. Rd7+ Kb6 36. Qb8+ 1-0

[Event "CORSICA MASTERS 2009"]
[Site "Bastia"]
[Date "2009.10.28"]
[Round "5.6"]
[White "Bujisho, Benjamin"]
[Black "Karpatchev, Aleksandr"]
[Result "1-0"]
[WhiteElo "2403"]
[BlackElo "2477"]
[PlyCount "105"]

1. d4 Nc6 2. c4 e5 3. d5 Nce7 4. g3 Ng6 5. Bg2 Bb4+ 6. Bd2 Bxd2+ 7. Qxd2 d6 8.
e3 f5 9. Ne2 Nf6 10. Nbc3 O-O 11. O-O e4 12. Nd4 Ne5 13. b3 Qe7 14. Rae1 Bd7
15. f4 Nd3 16. Rb1 c5 17. Nc2 a6 18. Ne1 Nxe1 19. Rfxe1 b5 20. a3 Rfb8 21. Bf1
Qd8 22. b4 Qc7 23. cxb5 axb5 24. Rec1 Rxa3 25. bxc5 Qxc5 26. Nxb5 Qxe3+ 27.
Qxe3 Rxe3 28. Nxd6 Reb3 29. Rxb3 Rxb3 30. Nc4 Kf8 31. d6 Rb4 32. Ra1 Ba4 33.
Ne5 Rd4 34. Kf2 Ng4+ 35. Nxg4 fxg4 36. Ke3 Rb4 37. Be2 h5 38. Bd1 Bxd1 39. Rxd1
Ke8 40. Rd4 Rb2 41. Kxe4 Rxh2 42. Kf5 Kd7 43. Kg6 h4 44. gxh4 g3 45. f5 Rf2 46.
Rg4 g2 47. h5 Kxd6 48. Kxg7 Rxf5 49. h6 Ra5 50. h7 Ra7+ 51. Kh6 Ra8 52. Rxg2
Ke6 53. Rg8 1-0

[Event "CORSICA MASTERS 2009"]
[Site "Bastia"]
[Date "2009.10.28"]
[Round "5.7"]
[White "Kozlov, Oleg"]
[Black "Kozakov, Mikhail"]
[Result "0-1"]
[WhiteElo "2226"]
[BlackElo "2437"]
[PlyCount "84"]

1. Nf3 Nf6 2. g3 c5 3. Bg2 d5 4. d4 cxd4 5. O-O Nc6 6. Nxd4 e6 7. c4 Bc5 8. Nb3
Bb6 9. cxd5 Nxd5 10. Na3 O-O 11. Nc4 Bc7 12. a3 b6 13. Nd4 Nxd4 14. Qxd4 Ba6
15. Bf3 Rc8 16. b3 Ne7 17. Qe4 Bxc4 18. bxc4 Bd6 19. Bb2 Qc7 20. Rfd1 Ng6 21.
Bh5 Rfd8 22. Bxg6 hxg6 23. Rd3 Be7 24. Rad1 Rxd3 25. exd3 Bf6 26. Bxf6 gxf6 27.
a4 Qc5 28. Rb1 Rd8 29. Qb7 Qa5 30. c5 Qxc5 31. Qxa7 Rxd3 32. Qa8+ Kg7 33. Qe4
Rd4 34. Qb7 Rd2 35. Qf3 Ra2 36. Qe3 Rxa4 37. Rxb6 Ra1+ 38. Kg2 Qd5+ 39. Kh3 Rg1
40. Rb4 Qg2+ 41. Kg4 Qxh2 42. Kf3 Qh1+ 0-1

[Event "CORSICA MASTERS 2009"]
[Site "Bastia"]
[Date "2009.10.28"]
[Round "5.8"]
[White "Prie, Eric"]
[Black "Humeau, Cyril"]
[Result "1-0"]
[WhiteElo "2493"]
[BlackElo "2171"]
[PlyCount "99"]

1. d4 d5 2. Bf4 Bg4 3. h3 Bh5 4. c4 dxc4 5. Qa4+ c6 6. Qxc4 Nf6 7. Nc3 Nd5 8.
Bg3 Nxc3 9. bxc3 Qd5 10. Qxd5 cxd5 11. Rb1 b6 12. e3 e6 13. Bb5+ Kd8 14. Nf3 a6
15. Be2 Nd7 16. Ne5 Bxe2 17. Kxe2 Nxe5 18. Bxe5 b5 19. a4 f6 20. Bg3 bxa4 21.
Rb7 a3 22. Kd3 Rg8 23. Kc2 h5 24. Rhb1 h4 25. Bxh4 a2 26. Ra1 Bd6 27. f3 a5 28.
Rxa2 a4 29. e4 Kc8 30. Rb5 dxe4 31. fxe4 g5 32. Be1 g4 33. h4 g3 34. Kd3 Rh8
35. c4 Rxh4 36. Rb6 Bc7 37. Rxe6 Rh1 38. Re8+ Bd8 39. Bxg3 Rd1+ 40. Ke3 Kd7 41.
Rh8 a3 42. Rh7+ Kc6 43. d5+ Kc5 44. Rb7 Rc1 45. Kd3 Rd1+ 46. Ke2 Rc1 47. Bf2+
Kxc4 48. Be3 Rc3 49. Bd2 Rb3 50. Rc2+ 1-0

[Event "CORSICA MASTERS 2009"]
[Site "Bastia"]
[Date "2009.10.28"]
[Round "5.10"]
[White "Bressac, Stephane"]
[Black "Caspi, Israel"]
[Result "0-1"]
[WhiteElo "2153"]
[BlackElo "2404"]
[PlyCount "96"]

1. e4 c5 2. Nf3 d6 3. d4 cxd4 4. Nxd4 Nf6 5. Nc3 Nc6 6. g3 e5 7. Nde2 Be7 8.
Bg2 O-O 9. O-O Be6 10. h3 Rc8 11. g4 Nd7 12. Be3 Nb6 13. b3 Bg5 14. Qd2 Bxe3
15. Qxe3 a6 16. Rad1 Qc7 17. Rd2 Rfd8 18. Rfd1 Ne7 19. Ng3 Ng6 20. Nf5 Bxf5 21.
gxf5 Nf4 22. Ne2 Nxe2+ 23. Qxe2 Qe7 24. Qe3 Rc6 25. c4 Nd7 26. Rd5 Nf6 27. R5d3
Nh5 28. Kh2 Nf4 29. R3d2 Rdc8 30. Bf1 g6 31. Qg3 Qf6 32. Qg4 h5 33. Qf3 Kf8 34.
b4 Kg7 35. Qg3 Kh7 36. fxg6+ Nxg6 37. a4 Nh4 38. Rxd6 Rxd6 39. Rxd6 Qxd6 40.
Qxh4 Qg6 41. Be2 Kh6 42. Bf3 Qg5 43. Qxg5+ Kxg5 44. c5 a5 45. bxa5 Rxc5 46. Be2
Rxa5 47. Bb5 h4 48. Kg2 Kf4 0-1

[Event "CORSICA MASTERS 2009"]
[Site "Bastia"]
[Date "2009.10.28"]
[Round "5.11"]
[White "Dimitrov, Pavel"]
[Black "Angelov, Zvetomir"]
[Result "1-0"]
[WhiteElo "2376"]
[BlackElo "2136"]
[PlyCount "63"]

1. c4 Nf6 2. Nc3 g6 3. g3 Bg7 4. Bg2 O-O 5. e3 d6 6. Nge2 c5 7. O-O Nc6 8. d3
Bd7 9. h3 a6 10. b3 Rb8 11. Bb2 b5 12. Qd2 bxc4 13. dxc4 h5 14. f4 Qa5 15. Kh2
Rfc8 16. Rfd1 Be6 17. e4 Qb4 18. Rab1 Kh7 19. Qe3 Qa5 20. Kh1 Qc7 21. Nd5 Bxd5
22. cxd5 Na5 23. e5 Ne8 24. Bc3 f6 25. exf6 Nxf6 26. f5 gxf5 27. Nf4 Bh6 28.
Qe6 Bxf4 29. Qxf5+ Kg7 30. gxf4 Rg8 31. Be4 Nb7 32. Rg1+ 1-0

[Event "CORSICA MASTERS 2009"]
[Site "Bastia"]
[Date "2009.10.28"]
[Round "5.21"]
[White "Utrera, Ludovic"]
[Black "Buscara, Sevan"]
[Result "1-0"]
[WhiteElo "1829"]
[BlackElo "2272"]
[PlyCount "121"]

1. d4 d5 2. Nc3 Nf6 3. Bg5 Nbd7 4. f3 e6 5. e4 h6 6. Bxf6 Nxf6 7. e5 Nd7 8. f4
c5 9. Nf3 cxd4 10. Nxd4 Bc5 11. Nb3 Bb6 12. Qg4 O-O 13. Bd3 f5 14. Qg6 Nc5 15.
Nxc5 Bxc5 16. Rf1 Bb4 17. O-O-O Qa5 18. g4 d4 19. gxf5 Rxf5 20. Bxf5 exf5 21.
Rg1 Bf8 22. e6 dxc3 23. Qf7+ Kh7 24. Qxf8 cxb2+ 25. Kb1 Qxa2+ 26. Kxa2 Bxe6+
27. Kxb2 Rxf8 28. Rd6 Bc4 29. Rd7 Rf7 30. Rgd1 Rxd7 31. Rxd7 Ba6 32. Kc3 Kg6
33. Kd4 Kf6 34. c4 g5 35. Rd6+ Ke7 36. Rxh6 gxf4 37. Rh4 f3 38. Rf4 Kf6 39.
Rxf3 Kg5 40. Ra3 f4 41. c5 Bb5 42. Rxa7 Bc6 43. Ra3 Kg4 44. Ra1 Kh3 45. Rf1 f3
46. Rf2 Kg4 47. Ke3 Kh3 48. Rd2 Kg4 49. Rd6 Bb5 50. Rb6 Bc6 51. Rxc6 bxc6 52.
Kf2 Kf4 53. h3 Ke4 54. h4 Kf4 55. h5 Kg5 56. Kxf3 Kxh5 57. Ke4 Kg6 58. Ke5 Kf7
59. Kd6 Ke8 60. Kxc6 Kd8 61. Kb7 1-0

[Event "CORSICA MASTERS 2009"]
[Site "Bastia"]
[Date "2009.10.28"]
[Round "5.26"]
[White "Massoni, Michael"]
[Black "Clement, Alexandre"]
[Result "1-0"]
[WhiteElo "2291"]
[BlackElo "1809"]
[PlyCount "85"]
[EventDate "2009.??.??"]

1. e4 e6 2. d4 d5 3. Nc3 Nf6 4. e5 Nfd7 5. Nf3 c5 6. dxc5 Bxc5 7. Bd3 Nc6 8.
Bf4 f6 9. exf6 Nxf6 10. Qe2 O-O 11. O-O-O a6 12. Ne5 Nxe5 13. Bxe5 Bd6 14. f4
Ne8 15. Qh5 Nf6 16. Bxf6 Bxf4+ 17. Kb1 Rxf6 18. Bxh7+ Kf8 19. Bg6 Ke7 20. Rhe1
Kd7 21. Ne4 Rf8 22. g3 Bd6 23. Nxd6 Kxd6 24. Qe5+ Kc6 25. c4 Qf6 26. cxd5+ exd5
27. Rc1+ Kb6 28. Qc7+ Ka7 29. Qc5+ Kb8 30. Ka1 Rh8 31. Bd3 Qd8 32. Re7 Rxh2 33.
Rc7 Rh8 34. Rxg7 Rh6 35. Qe3 Re6 36. Qf4+ Qd6 37. Rxc8+ Kxc8 38. Bf5 Qxf4 39.
gxf4 Kb8 40. Bxe6 Ka7 41. Bxd5 Rb8 42. f5 Kb6 43. Rxb7+ 1-0

[Event "CORSICA MASTERS 2009"]
[Site "Bastia"]
[Date "2009.10.28"]
[Round "5.31"]
[White "Cristofari, Antoine"]
[Black "Boukhris, Khaled"]
[Result "1-0"]
[WhiteElo "2109"]
[BlackElo "1797"]
[PlyCount "55"]

1. e4 e6 2. d4 d5 3. Nc3 Bb4 4. Nge2 Nf6 5. a3 Bxc3+ 6. Nxc3 Nxe4 7. Nxe4 dxe4
8. c3 f5 9. Qh5+ Kf8 10. Bc4 Qe8 11. Qe2 Qg6 12. O-O Nc6 13. f3 e3 14. Bxe3 Ne7
15. d5 Nxd5 16. Bc5+ Kg8 17. Bxd5 exd5 18. Qe7 h5 19. Rae1 Kh7 20. f4 b6 21.
Bd4 c5 22. Bxg7 Qxg7 23. Qd6 Rf8 24. Re7 Rf7 25. Rxf7 Qxf7 26. Re1 Qg6 27. Qf8
Be6 28. Qxa8 1-0

[Event "CORSICA MASTERS 2009"]
[Site "Bastia"]
[Date "2009.10.28"]
[Round "5.34"]
[White "Dominici, Guillaume"]
[Black "Audin, Thierry"]
[Result "1-0"]
[WhiteElo "1721"]
[BlackElo "2024"]
[PlyCount "65"]

1. e4 e6 2. d4 d5 3. exd5 exd5 4. Nf3 Nc6 5. Bb5 Bd6 6. O-O Bg4 7. Qe1+ Nge7 8.
Ne5 Be6 9. Bg5 O-O 10. Nxc6 bxc6 11. Bxc6 Rb8 12. Ba4 Rb4 13. Bb3 Rxd4 14. Qe3
Re4 15. Qxa7 f6 16. Nd2 Rg4 17. Be3 Qd7 18. Nf3 Rxg2+ 19. Kxg2 Bh3+ 20. Kh1 Qg4
21. Ne1 Bxf1 22. Qd4 Qh5 23. Bf4 c5 24. Qe3 Bxf4 25. Qxf4 Bh3 26. c3 Qe2 27.
Nc2 c4 28. Ba4 Nf5 29. Re1 Qh5 30. Ne3 g5 31. Qc7 Nxe3 32. Rxe3 Qg6 33. Rxh3
1-0

[Event "CORSICA MASTERS 2009"]
[Site "Bastia"]
[Date "2009.10.28"]
[Round "6.2"]
[White "Mullon, Jean-Baptiste"]
[Black "Malaniuk, Vladimir P"]
[Result "1/2-1/2"]
[WhiteElo "2368"]
[BlackElo "2586"]
[PlyCount "59"]

1. e4 e5 2. Nf3 Nc6 3. Nc3 Nf6 4. Bb5 Bb4 5. O-O O-O 6. Bxc6 dxc6 7. Nxe5 Re8
8. Nd3 Bxc3 9. dxc3 Nxe4 10. Qf3 Qf6 11. Qxf6 Nxf6 12. Bf4 Re2 13. Rfe1 Rxc2
14. Rac1 Rxc1 15. Nxc1 Be6 16. Bxc7 a5 17. f3 a4 18. Be5 Nd7 19. Bd4 h6 20. Kf2
Ra5 21. Re2 Rb5 22. b3 axb3 23. axb3 Rd5 24. Rd2 c5 25. Be3 Rxd2+ 26. Bxd2 b5
27. Be3 Kf8 28. Nd3 Bxb3 29. Nxc5 Nxc5 30. Bxc5+ 1/2-1/2

[Event "CORSICA MASTERS 2009"]
[Site "Bastia"]
[Date "2009.10.28"]
[Round "6.4"]
[White "Kozakov, Mikhail"]
[Black "Guliyev, Namig"]
[Result "1/2-1/2"]
[WhiteElo "2437"]
[BlackElo "2525"]
[PlyCount "73"]

1. e4 c5 2. Nf3 d6 3. d4 cxd4 4. Nxd4 Nf6 5. Nc3 a6 6. h3 e6 7. g4 h6 8. Bg2
Nc6 9. O-O Bd7 10. Be3 Be7 11. a4 O-O 12. Nde2 Qa5 13. f4 Rad8 14. Qe1 Qb4 15.
a5 d5 16. Ra4 Qxb2 17. Ra2 Qb4 18. Ra4 Qb2 19. Ra2 Qb4 20. Ra4 Bc5 21. Rxb4
Bxe3+ 22. Kh1 Nxb4 23. e5 Nh7 24. Qb1 Bc5 25. Nd4 Bxd4 26. Qxb4 Bxc3 27. Qxc3
Rc8 28. Qb2 Rc4 29. Qxb7 Bb5 30. Rf2 Rfc8 31. Bf1 R4c7 32. Qb6 Rc6 33. Qa7 R8c7
34. Qb8+ Rc8 35. Qa7 R8c7 36. Qb8+ Rc8 37. Qa7 1/2-1/2

[Event "CORSICA MASTERS 2009"]
[Site "Bastia"]
[Date "2009.10.28"]
[Round "6.7"]
[White "Ljubisavljevic, Zivojin Z"]
[Black "Gruenfeld, Yehuda"]
[Result "0-1"]
[WhiteElo "2291"]
[BlackElo "2474"]
[PlyCount "96"]

1. d4 Nf6 2. c3 d5 3. Bf4 c6 4. e3 Bf5 5. h3 e6 6. Qb3 Qc8 7. Nd2 Be7 8. Ngf3
h6 9. g4 Bh7 10. c4 Ne4 11. Bd3 Nd7 12. a3 Ndf6 13. Qc2 Qd8 14. Ke2 Bd6 15.
Bxd6 Qxd6 16. Nb3 Qe7 17. Rag1 dxc4 18. Qxc4 Nd6 19. Qc2 Bxd3+ 20. Qxd3 Nd5 21.
h4 f6 22. Qg6+ Qf7 23. Qxf7+ Kxf7 24. g5 Nc4 25. g6+ Ke7 26. Rb1 a5 27. Nbd2
Nd6 28. Rbc1 h5 29. Nc4 Nxc4 30. Rxc4 Rh6 31. Rg1 Kd7 32. Nd2 Ne7 33. Ne4 b6
34. Rcc1 Nf5 35. Ng3 Nxh4 36. Rh1 Nf5 37. Nxf5 exf5 38. Rcg1 h4 39. Rh3 a4 40.
Kf3 Ra5 41. Rc1 Rb5 42. Rc4 Rxb2 43. Rxa4 Rxg6 44. Rxh4 Rg1 45. Ra7+ Ke6 46.
Rh2 g5 47. Rg2 g4+ 48. Kg3 Rh1 0-1

[Event "CORSICA MASTERS 2009"]
[Site "Bastia"]
[Date "2009.10.28"]
[Round "6.8"]
[White "Caspi, Israel"]
[Black "Levacic, Damir"]
[Result "1-0"]
[WhiteElo "2404"]
[BlackElo "2281"]
[PlyCount "100"]

1. e4 c5 2. Nf3 d6 3. d4 cxd4 4. Nxd4 Nf6 5. Nc3 Nc6 6. f3 e5 7. Nb3 Be7 8. Be3
O-O 9. Qd2 a5 10. Bb5 Na7 11. Be2 Nc6 12. O-O a4 13. Nc1 Ra5 14. Bb5 a3 15. Nb3
Ra8 16. bxa3 Rxa3 17. Qc1 Ra8 18. Rd1 Be6 19. Nc5 Nd4 20. Nxe6 fxe6 21. Bf1 Qa5
22. Ne2 Nc6 23. Qb2 Qa3 24. Qb3 d5 25. Ng3 Nd4 26. Bxd4 exd4 27. exd5 Nxd5 28.
Qxb7 Qe3+ 29. Kh1 Rfb8 30. Qd7 Rd8 31. Qb7 Rdb8 32. Qd7 Rd8 33. Qc6 Rdc8 34.
Qb5 Nc3 35. Qd7 Nxd1 36. Rxd1 Kf7 37. Bd3 Rd8 38. Qb5 g6 39. a4 Rd5 40. Qc6
Rad8 41. Ne4 Qf4 42. Bc4 Re5 43. a5 g5 44. a6 h5 45. Ra1 g4 46. Rf1 Kg6 47. a7
gxf3 48. gxf3 h4 49. Bxe6 Kh7 50. Bg4 Qxg4 {illisible} 1-0

[Event "CORSICA MASTERS 2009"]
[Site "Bastia"]
[Date "2009.10.28"]
[Round "6.9"]
[White "Iwanesko, Alexandre"]
[Black "Dimitrov, Pavel"]
[Result "0-1"]
[WhiteElo "2191"]
[BlackElo "2376"]
[PlyCount "46"]

1. e4 e5 2. Nf3 Nc6 3. Bb5 a6 4. Ba4 Nf6 5. Qe2 b5 6. Bb3 Be7 7. c3 O-O 8. O-O
d6 9. Rd1 d5 10. d3 d4 11. cxd4 Bg4 12. dxe5 Nd4 13. Qe3 Bc5 14. Nxd4 Bxd4 15.
Qg3 Bxd1 16. Bxd1 Nxe4 17. dxe4 Bxb2 18. Bb3 Bxc1 19. Nc3 Qd2 20. h3 Bb2 21.
Nd5 Bxa1 22. Ne7+ Kh8 23. f4 Bd4+ 0-1

[Event "CORSICA MASTERS 2009"]
[Site "Bastia"]
[Date "2009.10.28"]
[Round "6.10"]
[White "Bates, Caspar J"]
[Black "Dimitrov, Radoslav"]
[Result "0-1"]
[WhiteElo "2190"]
[BlackElo "2365"]
[PlyCount "68"]

1. e4 c5 2. c4 Nc6 3. Nc3 g6 4. g3 Bg7 5. Bg2 e6 6. a3 Nge7 7. Nge2 d6 8. d3
O-O 9. Rb1 b6 10. O-O Bb7 11. b4 h6 12. Qb3 Qd7 13. Bb2 Nd4 14. Nxd4 cxd4 15.
Ne2 e5 16. f4 Kh7 17. Rbc1 f5 18. c5 fxe4 19. dxe4 dxc5 20. bxc5 Ba6 21. Rf2
bxc5 22. Rxc5 Rab8 23. Qa2 Bxe2 24. Rxe2 exf4 25. Rd2 fxg3 26. Qa1 Rf2 27. Rcc2
d3 28. Kh1 dxc2 29. Rxd7 Rxb2 30. Rd1 Rxg2 31. hxg3 cxd1=Q+ 32. Qxd1 Rh2+ 33.
Kg1 Rbg2+ 34. Kf1 Rh1+ 0-1

[Event "CORSICA MASTERS 2009"]
[Site "Bastia"]
[Date "2009.10.28"]
[Round "6.11"]
[White "Ferrandi, Bernard"]
[Black "Wantiez, Fabrice"]
[Result "0-1"]
[WhiteElo "1872"]
[BlackElo "2339"]
[PlyCount "74"]

1. e4 e5 2. Nf3 Nc6 3. Bc4 g6 4. O-O Bg7 5. Nc3 d6 6. h3 Nge7 7. a3 O-O 8. d3
h6 9. Be3 Nd4 10. Nd5 Kh7 11. c3 Nxf3+ 12. Qxf3 Nxd5 13. Bxd5 c6 14. Bb3 f5 15.
exf5 gxf5 16. Rad1 d5 17. Bc2 f4 18. Bc1 Qf6 19. Rde1 Bf5 20. Kh2 Qh4 21. Rg1
h5 22. Qe2 Rae8 23. Qf1 Qf6 24. Qe2 Bg6 25. f3 Bh6 26. Ref1 Bg5 27. g4 hxg4 28.
fxg4 e4 29. dxe4 dxe4 30. Qf2 f3 31. Bxg5 Qxg5 32. h4 Qe5+ 33. Qg3 e3 34. Bxg6+
Kxg6 35. h5+ Kg5 36. Kh3 Qxg3+ 37. Rxg3 e2 0-1

[Event "CORSICA MASTERS 2009"]
[Site "Bastia"]
[Date "2009.10.28"]
[Round "6.14"]
[White "Karpatchev, Aleksandr"]
[Black "Budisin, Stanislav"]
[Result "1-0"]
[WhiteElo "2477"]
[BlackElo "2090"]
[PlyCount "41"]

1. e4 c5 2. c3 e6 3. d4 b6 4. Nf3 Bb7 5. Bd3 Ne7 6. O-O Ng6 7. Re1 Be7 8. Nbd2
O-O 9. Nf1 f5 10. exf5 exf5 11. Ng3 cxd4 12. Nxf5 Bf6 13. N3xd4 Ne5 14. Nd6
Nxd3 15. Qxd3 Bd5 16. Qb5 Bf7 17. Nxf7 Rxf7 18. Nf5 Nc6 19. Nd6 Re7 20. Qd5+
Kf8 21. Bf4 1-0

[Event "CORSICA MASTERS 2009"]
[Site "Bastia"]
[Date "2009.10.28"]
[Round "6.23"]
[White "Humeau, Cyril"]
[Black "Arbau, Eric"]
[Result "1-0"]
[WhiteElo "2171"]
[BlackElo "1938"]
[PlyCount "35"]

1. d4 b6 2. Nf3 e6 3. e4 Bb7 4. Bd3 Nf6 5. Qe2 Be7 6. O-O h6 7. Nbd2 g5 8. c3
d5 9. Ne5 Bd6 10. exd5 Bxd5 11. Ndc4 a6 12. f4 Be7 13. fxg5 hxg5 14. Bxg5 Rg8
15. Nxf7 Kxf7 16. Qh5+ Kf8 17. Bh6+ Rg7 18. Qg6 1-0

[Event "CORSICA MASTERS 2009"]
[Site "Bastia"]
[Date "2009.10.28"]
[Round "6.27"]
[White "Marmey, Cedric"]
[Black "Cristofari, Antoine"]
[Result "1/2-1/2"]
[WhiteElo "1918"]
[BlackElo "2109"]
[PlyCount "43"]

1. d4 Nf6 2. Nc3 d5 3. e4 dxe4 4. f3 exf3 5. Nxf3 e6 6. Bg5 c5 7. d5 Be7 8.
Bb5+ Kf8 9. O-O a6 10. Bd3 exd5 11. Ne5 Nc6 12. Nxf7 Kxf7 13. Nxd5 Qxd5 14.
Bxf6 Bxf6 15. Bg6+ Kxg6 16. Qxd5 h6 17. Qe4+ Kf7 18. Rae1 h5 19. Qd5+ Kg6 20.
Qe4+ Kf7 21. Qd5+ Kg6 22. Qe4+ 1/2-1/2

[Event "CORSICA MASTERS 2009"]
[Site "Bastia"]
[Date "2009.10.28"]
[Round "6.33"]
[White "Brongers, Henk"]
[Black "Dominici, Guillaume"]
[Result "1-0"]
[WhiteElo "2035"]
[BlackElo "1721"]
[PlyCount "31"]

1. e4 e5 2. Bc4 Nf6 3. d3 Bc5 4. Nf3 Nc6 5. c3 O-O 6. O-O h6 7. d4 exd4 8. cxd4
Bb6 9. e5 Ne8 10. d5 Na5 11. Bd3 f6 12. b4 fxe5 13. bxa5 Bxa5 14. Nxe5 Qf6 15.
Bb2 d6 16. Nc4 1-0

[Event "CORSICA MASTERS 2009"]
[Site "Bastia"]
[Date "2009.10.28"]
[Round "6.48"]
[White "Mohtaji, Javad"]
[Black "Balducchi, Francois"]
[Result "1-0"]
[WhiteElo "1887"]
[BlackElo "1708"]
[PlyCount "21"]

1. e4 d5 2. exd5 Qxd5 3. Nc3 Qa5 4. d4 c6 5. Nf3 Nf6 6. Bd2 Nbd7 7. Bc4 e6 8.
a3 Bd6 9. Nb5 Bb4 10. Bxb4 Qb6 11. Nd6+ 1-0

[Event "CORSICA MASTERS 2009"]
[Site "Bastia"]
[Date "2009.10.28"]
[Round "6.58"]
[White "Fersadou, Kevin"]
[Black "Morganti, Noel"]
[Result "1-0"]
[WhiteElo "1545"]
[BlackElo "1712"]
[PlyCount "43"]

1. e4 d6 2. Nf3 Nf6 3. Nc3 g6 4. Be2 Bg7 5. O-O O-O 6. d3 Bg4 7. h3 Bxf3 8.
Bxf3 e5 9. Bg5 h6 10. Bxf6 Bxf6 11. Qd2 Bg7 12. Bg4 h5 13. Be2 Nc6 14. f4 exf4
15. Qxf4 Nd4 16. Rac1 Be5 17. Qh6 Qh4 18. Nd5 Nxe2+ 19. Kh1 Ng3+ 20. Kg1 Nxf1
21. Rxf1 Qg3 22. Ne7# 1-0